ស្កាយផតនៅភ្នំពេញ : (Record no. 4689)

MARC details
000 -LEADER
fixed length control field 02641nam a22003137a 4500
001 - CONTROL NUMBER
control field 4689
003 - CONTROL NUMBER IDENTIFIER
control field FISKH
005 - DATE AND TIME OF LATEST TRANSACTION
control field 20251218084643.0
008 - FIXED-LENGTH DATA ELEMENTS--GENERAL INFORMATION
fixed length control field 240920b cb ||||| |||| 00| 0 eng d
020 ## - INTERNATIONAL STANDARD BOOK NUMBER
International Standard Book Number 9789996305849
040 ## - CATALOGING SOURCE
Original cataloging agency FISKH
Language of cataloging Bilingal
Transcribing agency FISKH
Modifying agency FISKH
050 ## - LIBRARY OF CONGRESS CALL NUMBER
Classification number PZ7
082 ## - DEWEY DECIMAL CLASSIFICATION NUMBER
Classification number 800
100 ## - MAIN ENTRY--PERSONAL NAME
Personal name Mathew, Bryony
Relator term author
245 ## - TITLE STATEMENT
Title ស្កាយផតនៅភ្នំពេញ :
Remainder of title ក្មេងស្រីដែលមានគំនិតគិតអស្ចារ្យម្នាក់ អាចក្លាយជាវិស្វករបានយ៉ាងដូចម្តេច​ /
Statement of responsibility, etc. និពន្ធដោយ Bryony Mathew, គូររូបដោយ Seat Sopheap, ​បកប្រែ អ៊ូច សូដានី.
250 ## - EDITION STATEMENT
Edition statement បោះពុម្ពលើកទី១ នៅកម្ពុជា​២០១៦
260 ## - PUBLICATION, DISTRIBUTION, ETC.
Place of publication, distribution, etc. ភ្នំពេញ :
Name of publisher, distributor, etc. អង្កការ Sipar ;
Date of publication, distribution, etc. ២០១៦​ .
300 ## - PHYSICAL DESCRIPTION
Extent 32 unnumbered pages :
Other physical details color illustrations ;
Dimensions 24 cm .
505 ## - FORMATTED CONTENTS NOTE
Formatted contents note M <br/>
520 ## - SUMMARY, ETC.
Summary, etc. សៀវភៅគួរឲ្ស្រឡាញ់មួយនេះ បង្ហាញអំពីក្មេងស្រីគីរី ដែលបានរកឃើញថា វិស្វកម្មគឺជាអ្វីៗដែលអាចដោះស្រាយបញ្ហាក្នុងផ្ទះ ដើម្បីបញ្ចប់កិច្ចការនានារបស់នាងបាន ក្នុងពេលដែលនាងបន្តនូវអ្វីដែលនាងចូលចិត្ត៖ ការអានសៀវភៅ។ វិស្វកម្មគឺមាននៅក្នុងខ្ឡួនកុមារទាំងស្រីទាំងប្រុស ហើយរឿងនេះបង្ហាញថាមានបញ្ហានឹងមានស្រមើស្រមៃ ដើម្បីរកដំណោះស្រាយពិតប្រាកដ។
520 ## - SUMMARY, ETC.
Summary, etc. This adorable book tells the story of a Kiri girl who discovers that engineering is the key for solving problems in the home to complete her chores while pursuing her favorite pastime: reading books.Engineering is present in children, both men and women, and this shows that there will be problems and fantasies to find real solutions.
521 8# - TARGET AUDIENCE NOTE
Target audience note 530 <br/>
Source Lexile estimate <br/>
521 8# - TARGET AUDIENCE NOTE
Target audience note M <br/>
Source Raz-Plus <br/>
650 ## - SUBJECT ADDED ENTRY--TOPICAL TERM
Topical term or geographic name entry element បោសផ្ទះ
Form subdivision រឿងនិទានកុមារ
650 ## - SUBJECT ADDED ENTRY--TOPICAL TERM
Topical term or geographic name entry element broom the house
Form subdivision children's stories
700 ## - ADDED ENTRY--PERSONAL NAME
Personal name Sopheap, Seat
Relator term illustrator
942 ## - ADDED ENTRY ELEMENTS (KOHA)
Source of classification or shelving scheme Dewey Decimal Classification
Koha item type Khmer Books
Suppress in OPAC No
Holdings
Withdrawn status Lost status Source of classification or shelving scheme Damaged status Not for loan Collection Home library Current library Shelving location Date acquired Total Checkouts Full call number Barcode Date last seen Copy number Price effective from Koha item type Date last checked out
    Dewey Decimal Classification     Khmer-English Bilingual / ភាសាខ្មែរ-អង់គ្លេស Footprints International School Library Network Toul Kork Campus Footprints International School Library Network Toul Kork Campus TK Old Khmer Books (Rear Hallway Shelf 3) 04/22/2025 1 MAT PZ7 800 FISTKG3A029 09/29/2025 2 04/22/2025 Khmer Books 06/30/2025
    Dewey Decimal Classification     Khmer-English Bilingual / ភាសាខ្មែរ-អង់គ្លេស Footprints International School Library Network Toul Kork Campus Footprints International School Library Network Toul Kork Campus TK Old Khmer Books (Rear Hallway Shelf 3) 04/22/2025   MAT PZ7 800 FISTKKA105 04/22/2025 3 04/22/2025 Khmer Books  
    Dewey Decimal Classification     Khmer-English Bilingual / ភាសាខ្មែរ-អង់គ្លេស Footprints International School Library Network Toul Kork Campus Footprints International School Library Network Toul Kork Campus TK Old Khmer Books (Rear Hallway Shelf 3) 04/22/2025 1 MAT PZ7 800 FISTKKB084 09/29/2025 4 04/22/2025 Khmer Books 06/30/2025
    Dewey Decimal Classification     Khmer-English Bilingual / ភាសាខ្មែរ-អង់គ្លេស Footprints International School Library Network Toul Kork Campus Footprints International School Library Network Toul Kork Campus TK Old Khmer Books (Rear Hallway Shelf 3) 04/22/2025   MAT PZ7 800 FISBK04094 04/22/2025 5 04/22/2025 Khmer Books  
    Dewey Decimal Classification     Khmer-English Bilingual / ភាសាខ្មែរ-អង់គ្លេស Footprints International School Library Network Toul Kork Campus Footprints International School Library Network Toul Kork Campus TK Old Khmer Books (Rear Hallway Shelf 3) 04/22/2025   MAT PZ7 800 FISTKKB087 09/02/2025 6 09/02/2025 Khmer Books  
    Dewey Decimal Classification     Khmer-English Bilingual / ភាសាខ្មែរ-អង់គ្លេស Footprints International School Library Network Toul Kork Campus Footprints International School Library Network Toul Kork Campus TK Old Khmer Books (Rear Hallway Shelf 3) 04/22/2025   MAT PZ7 800 FISTKKB085 09/02/2025 7 09/02/2025 Khmer Books  
    Dewey Decimal Classification     Khmer-English Bilingual / ភាសាខ្មែរ-អង់គ្លេស Footprints International School Library Network Toul Tom Poung Campus Footprints International School Library Network Toul Tom Poung Campus TTP Primary Khmer Bookshelves 09/20/2024   MAT PZ7 800 FIS20501 05/26/2025 1 09/20/2024 Khmer Books  
    Dewey Decimal Classification     Khmer-English Bilingual / ភាសាខ្មែរ-អង់គ្លេស Footprints International School Library Network Toul Tom Poung Campus Footprints International School Library Network Toul Tom Poung Campus TTP Primary Khmer Bookshelves 09/16/2025   MAT PZ7 800 FIS00566 09/16/2025 8 09/16/2025 Khmer Books  
    Dewey Decimal Classification     Khmer-English Bilingual / ភាសាខ្មែរ-អង់គ្លេស Footprints International School Library Network Toul Tom Poung Campus Footprints International School Library Network Toul Tom Poung Campus TTP Primary Khmer Bookshelves 10/24/2025 1 MAT PZ7 800 FISTKKB088 11/14/2025 9 10/24/2025 Khmer Books 11/13/2025